[Event "Yerevan (ol)"]
[Site "?"]
[Date "1996.??.??"]
[Round "?"]
[White "Hoi, C."]
[Black "Sadler, M."]
[Result "0-1"]
[WhiteElo "2445"]
[BlackElo "2615"]
[PlyCount "68"]
[EventDate "1996.??.??"]
[Source "ChessBase"]
[SourceDate "1996.06.01"]

1. d4 d5 2. Nf3 Nf6 3. c4 dxc4 4. e3 e6 5. Bxc4 c5 6. O-O a6 7. Nc3 b5 8. Bb3 Bb7 9. Qe2 Nbd7 10. Rd1 Qb6 11. a4 c4 12. Bc2 b4 13. a5 Qc7 14. Na4 Rc8 15. e4 b3 16. Bb1 Qxa5 17. e5 Nd5 18. Ng5 Bb4 19. Qf3 Rf8 20. Qh5 Kd8 21. Nxf7+ Kc7 22. Nd6 Bxd6 23. exd6+ Kb8 24. Nc5 Qxa1 25. Nxd7+ Ka7 26. Nxf8 Rxf8 27. Be4 c3 28. bxc3 b2 29. Bd2 g6 30. Qe2 Nf4 31. Qe1 Qxd1 32. Qxd1 Bxe4 33. Bxf4 Rxf4 34. d7 Rf8 0-1

[Event "RUS-ch"]
[Site "Elista"]
[Date "1996.??.??"]
[Round "4"]
[White "Lugovoi, Aleksei"]
[Black "Makarov, Marat"]
[Result "1/2-1/2"]
[WhiteElo "2500"]
[BlackElo "2560"]
[PlyCount "105"]
[EventDate "1996.10.15"]
[Source "ChessBase"]

1. d4 d5 2. c4 dxc4 3. e3 Nf6 4. Bxc4 e6 5. Nf3 c5 6. O-O a6 7. Qe2 b5 8. Bb3 Bb7 9. Rd1 Nbd7 10. Nc3 Qb6 11. d5 Nxd5 12. Nxd5 Bxd5 13. Bxd5 exd5 14. Rxd5 Be7 15. e4 Rd8 16. Be3 Qb7 17. Bg5 f6 18. Be3 O-O 19. a4 bxa4 20. Rxa4 Rb8 21. Rxa6 Qxb2 22. Rd2 Qb5 23. Qxb5 Rxb5 24. Kf1 Rb7 25. Rc2 Kf7 26. Nd2 Ne5 27. Ke2 Rc8 28. Ra4 Rd8 29. f4 Nc6 30. Nf3 Rb4 31. Rxb4 Nxb4 32. Rc3 Rc8 33. Nd2 Nc6 34. Nb3 Nd8 35. Nxc5 Bxc5 36. Rxc5 Rxc5 37. Bxc5 Ne6 38. Be3 g6 39. Kd3 f5 40. exf5 gxf5 41. Kc4 Nc7 42. Bb6 Ne6 43. g3 h5 44. h4 Nf8 45. Kd5 Ng6 46. Bd8 Nh8 47. Ke5 Kg6 48. Ke6 Nf7 49. Bg5 Nh8 50. Be7 Nf7 51. Bf8 Nd8+ 52. Kd7 Nf7 53. Ke7 1/2-1/2

[Event "RUS-ch m5-8"]
[Site "Elista"]
[Date "1997.05.21"]
[Round "1.5"]
[White "Lugovoi, Aleksei"]
[Black "Makarov, Marat"]
[Result "1/2-1/2"]
[WhiteElo "2510"]
[BlackElo "2545"]
[PlyCount "100"]
[EventDate "1997.05.19"]
[Source "ChessBase"]
[SourceDate "1997.08.01"]

1. d4 d5 2. c4 dxc4 3. Nf3 e6 4. e3 Nf6 5. Bxc4 c5 6. O-O a6 7. Qe2 b5 8. Bb3 Bb7 9. Nc3 Nbd7 10. Rd1 Qb8 11. d5 c4 12. dxe6 fxe6 13. Bc2 Bd6 14. e4 O-O 15. h3 Qc7 16. Bg5 Bf4 17. Bxf4 Qxf4 18. a3 Ne5 19. Nd4 Rae8 20. Qd2 Nh5 21. Qe2 Qg5 22. Qe3 Nf4 23. Qg3 Qh6 24. Nde2 Ned3 25. Bxd3 Nxd3 26. f4 Nxf4 27. Nxf4 Qxf4 28. Qxf4 Rxf4 29. Rd7 Rf7 30. Rad1 h6 31. R1d6 Ree7 32. Rxe7 Rxe7 33. Kf2 Kf7 34. Ke3 Rc7 35. g3 Ke7 36. e5 Rd7 37. Rxd7+ Kxd7 38. Kd4 Bg2 39. h4 Kc6 40. Ne2 g5 41. hxg5 hxg5 42. Nc3 a5 43. Nd1 Bf1 44. Nf2 b4 45. axb4 axb4 46. Ne4 Bg2 47. Nd2 c3 48. bxc3 bxc3 49. Kxc3 Kd5 50. Kd3 Kxe5 1/2-1/2

[Event "Reggio Emilia"]
[Site "?"]
[Date "1992.??.??"]
[Round "?"]
[White "Vaganian, R."]
[Black "Garcia_Palermo, C."]
[Result "1-0"]
[WhiteElo "2615"]
[BlackElo "2440"]
[PlyCount "75"]
[EventDate "1992.??.??"]
[Source "ChessBase"]
[SourceDate "1993.02.01"]

1. d4 d5 2. c4 dxc4 3. Nf3 a6 4. e3 e6 5. Bxc4 c5 6. O-O Nf6 7. Qe2 b5 8. Bb3 Bb7 9. Rd1 Nbd7 10. Nc3 Qb6 11. d5 Nxd5 12. Nxd5 Bxd5 13. Bxd5 exd5 14. Rxd5 Qb7 15. e4 Be7 16. Bg5 f6 17. Rad1 Nb6 18. Bf4 Nxd5 19. exd5 O-O 20. d6 Bd8 21. d7 Bc7 22. Qe6+ Rf7 23. b4 c4 24. Be3 c3 25. Ne1 Rd8 26. Bc5 g6 27. Nc2 Kg7 28. Be7 Qb6 29. Qe4 Bxh2+ 30. Kf1 Be5 31. Bxd8 Qxd8 32. Qc6 f5 33. Qc8 Bf6 34. Nd4 Qb6 35. Ne6+ Kh6 36. Rd3 Bh4 37. Re3 c2 38. d8=Q 1-0

[Event "London WFW"]
[Site "London"]
[Date "1989.??.??"]
[Round "?"]
[White "Hodgson, Julian M"]
[Black "Watson, William N"]
[Result "1/2-1/2"]
[WhiteElo "2545"]
[BlackElo "2505"]
[PlyCount "39"]
[EventDate "1989.05.??"]
[Source "ChessBase"]

1. d4 d5 2. c4 dxc4 3. Nf3 Nf6 4. e3 a6 5. Bxc4 e6 6. O-O c5 7. Qe2 b5 8. Bb3 Bb7 9. Rd1 Nbd7 10. Nc3 Qb6 11. d5 Nxd5 12. Nxd5 Bxd5 13. Bxd5 exd5 14. Rxd5 Be7 15. e4 Rd8 16. Bg5 Bxg5 17. Nxg5 h6 18. Nf3 O-O 19. Rad1 Nf6 20. Rxd8 1/2-1/2

[Event "Moscow-A"]
[Site "Moscow"]
[Date "1988.??.??"]
[Round "?"]
[White "Levitt, Jonathan"]
[Black "Chernin, Alexander"]
[Result "1/2-1/2"]
[WhiteElo "2485"]
[BlackElo "2560"]
[PlyCount "51"]
[EventDate "1988.??.??"]
[Source "ChessBase"]

1. d4 Nf6 2. c4 e6 3. Nf3 d5 4. Nc3 dxc4 5. e3 a6 6. Bxc4 b5 7. Bb3 Bb7 8. O-O c5 9. Qe2 Nbd7 10. Rd1 Qc7 11. e4 cxd4 12. Nxd4 Nc5 13. e5 Nfd7 14. Bf4 b4 15. Na4 Nxb3 16. axb3 Bd5 17. Rac1 Qb7 18. h4 Be7 19. Qg4 g6 20. Rd3 Rc8 21. Rcd1 h6 22. Nf3 Bc6 23. Nd4 Bd5 24. Nf3 Bc6 25. Nd4 Bd5 26. Nf3 1/2-1/2

[Event "TCh-FRA, Mulhouse FRA"]
[Site "?"]
[Date "2001.??.??"]
[Round "?"]
[White "Chuchelov, V."]
[Black "Schlosser, P."]
[Result "1/2-1/2"]
[WhiteElo "2535"]
[BlackElo "2510"]
[PlyCount "68"]
[EventDate "2001.??.??"]
[Source "www.chesslib.no"]
[SourceDate "2004.05.04"]

1. Nf3 Nf6 2. c4 e6 3. Nc3 d5 4. d4 dxc4 5. e3 c5 6. Bxc4 a6 7. O-O b5 8. Bb3 Bb7 9. Qe2 Nbd7 10. Rd1 Qb8 11. d5 exd5 12. Nxd5 Nxd5 13. Bxd5 Bxd5 14. Rxd5 Qb7 15. e4 Be7 16. Bg5 f6 17. Bf4 O-O 18. Nh4 Nb6 19. Rd3 Rfe8 20. Nf5 Bf8 21. Re1 Rad8 22. Nd6 Bxd6 23. Rxd6 Rxd6 24. Bxd6 Qc6 25. Bf4 Nd5 26. Bd2 Nc7 27. Qg4 Ne6 28. h4 Nd4 29. h5 Kf7 30. a3 Qe6 31. Qg3 Qe5 32. Qh3 Qe6 33. Qg3 Qe5 34. Qh3 Qe6 1/2-1/2

[Event "Clarin GP op"]
[Site "Villa Martelli"]
[Date "1997.??.??"]
[Round "8"]
[White "Vescovi, Giovanni P"]
[Black "Spangenberg, Hugo"]
[Result "1-0"]
[WhiteElo "2480"]
[BlackElo "2565"]
[PlyCount "89"]
[EventDate "1997.??.??"]
[Source "www.chesslib.no"]
[SourceDate "2004.05.04"]

1. d4 d5 2. Nf3 Nf6 3. c4 dxc4 4. e3 e6 5. Bxc4 c5 6. O-O a6 7. Qe2 b5 8. Bb3 Bb7 9. Rd1 Nbd7 10. Nc3 Qb6 11. e4 cxd4 12. Nxd4 Bc5 13. Be3 Ne5 14. f3 Rd8 15. Nc2 Bxe3+ 16. Qxe3 Qxe3+ 17. Nxe3 Ke7 18. Bc2 g5 19. Kf2 h5 20. a3 h4 21. Rxd8 Rxd8 22. Rd1 Rc8 23. Ne2 g4 24. Bb1 h3 25. f4 Nc4 26. e5 Ne4+ 27. Bxe4 Bxe4 28. Nxc4 Rxc4 29. gxh3 Bf3 30. Rd2 Re4 31. Nd4 Rxf4 32. Kg3 Re4 33. hxg4 Bxg4 34. Nc6+ Kf8 35. Rd4 Bf5 36. Rxe4 Bxe4 37. Nd4 Kg7 38. Kf4 Bg2 39. Kg5 Bd5 40. h4 Be4 41. h5 Bd5 42. b4 Bc4 43. Nc6 Bd5 44. Nb8 Bb7 45. Nd7 1-0

[Event "Elgoibar"]
[Site "Elgoibar"]
[Date "1997.11.26"]
[Round "1"]
[White "Franco Ocampos, Zenon"]
[Black "Korneev, Oleg"]
[Result "0-1"]
[WhiteElo "2480"]
[BlackElo "2565"]
[PlyCount "86"]
[EventDate "1997.11.26"]
[Source "ChessBase"]
[SourceDate "1998.04.09"]

1. Nf3 d5 2. e3 Nf6 3. c4 e6 4. d4 b6 5. Nc3 Bb7 6. Bd3 dxc4 7. Bxc4 a6 8. O-O b5 9. Bb3 Nbd7 10. Qe2 c5 11. Rd1 Qc7 12. d5 c4 13. dxe6 fxe6 14. Bc2 Bd6 15. e4 O-O 16. Bg5 Bc5 17. Bh4 Nh5 18. Ng5 Nf4 19. Qd2 Ne5 20. Bg3 Rad8 21. Qe1 Rxd1 22. Rxd1 Qe7 23. Bxf4 Rxf4 24. Nh3 Rf8 25. Kh1 Qh4 26. f4 Qxe1+ 27. Rxe1 Ng4 28. Nd1 h6 29. g3 Rd8 30. Re2 Bxe4+ 31. Bxe4 Rxd1+ 32. Kg2 Ne3+ 33. Kf3 Rf1+ 34. Rf2 b4 35. Rxf1 Nxf1 36. Ke2 Nxh2 37. Bb7 a5 38. Ba6 c3 39. bxc3 bxc3 40. Bc4 Kf7 41. f5 Nf3 42. fxe6+ Ke7 43. Kd3 Bb4 0-1

[Event "Novi Sad (ol)"]
[Site "?"]
[Date "1990.??.??"]
[Round "?"]
[White "Nogueiras, J."]
[Black "Sisniega, M."]
[Result "0-1"]
[WhiteElo "2550"]
[BlackElo "2495"]
[PlyCount "68"]
[EventDate "1990.??.??"]
[Source "ChessBase"]
[SourceDate "1990.07.01"]

1. d4 d5 2. c4 dxc4 3. Nf3 c5 4. e3 Nf6 5. Bxc4 e6 6. O-O a6 7. Qe2 b5 8. Bb3 Bb7 9. Rd1 Nbd7 10. Nc3 Qb6 11. d5 e5 12. Ng5 Bd6 13. Bc2 O-O 14. Qf3 Rad8 15. Bf5 h6 16. Nge4 Rfe8 17. b3 Bf8 18. Bb2 g6 19. Bxd7 Nxd7 20. g4 Bg7 21. d6 Qa7 22. Qh3 Qa8 23. f3 b4 24. Na4 Bxe4 25. fxe4 Qxe4 26. Rac1 Re6 27. Rc4 Qc6 28. Qg2 e4 29. Bxg7 Kxg7 30. Qd2 Ne5 31. Rxc5 Rexd6 32. Rxc6 Rxd2 33. Rxd2 Rxd2 34. Rxa6 Nf3+ 0-1

[Event "Lausanne YM sf 5'"]
[Site "Lausanne"]
[Date "1999.05.14"]
[Round "5"]
[White "Bacrot, Etienne"]
[Black "Pelletier, Yannick"]
[Result "1-0"]
[WhiteElo "2561"]
[BlackElo "2483"]
[PlyCount "59"]
[EventDate "1999.01.??"]
[Source "www.chesslib.no"]
[SourceDate "2004.05.04"]

1. d4 Nf6 2. Nf3 d5 3. c4 e6 4. Nc3 dxc4 5. e3 a6 6. Bxc4 b5 7. Bb3 Bb7 8. O-O Nbd7 9. Qe2 c5 10. Rd1 Qb6 11. a4 b4 12. a5 Qa7 13. Na4 Rc8 14. Ne5 Be7 15. Nc4 Bd5 16. Nab6 Nxb6 17. axb6 Qb7 18. e4 Bxe4 19. f3 Bd5 20. Rxa6 O-O 21. Ra7 Bxc4 22. Bxc4 Qxb6 23. Rxe7 cxd4 24. Bd3 Rb8 25. Bf4 Rbc8 26. Be5 Rfd8 27. Bxf6 gxf6 28. Qe4 f5 29. Qh4 Kf8 30. Qf6 1-0

[Event "Asian Cities 13th"]
[Site "Aden"]
[Date "2002.02.11"]
[Round "7"]
[White "Ghaem Maghami, Ehsan"]
[Black "Safin, Shukhrat"]
[Result "1/2-1/2"]
[WhiteElo "2513"]
[BlackElo "2528"]
[PlyCount "70"]
[EventDate "2002.02.07"]
[Source "ChessBase"]
[SourceDate "2002.03.14"]

1. d4 d5 2. c4 c6 3. Nf3 Nf6 4. e3 a6 5. Bd3 dxc4 6. Bxc4 e6 7. O-O c5 8. Qe2 b5 9. Bb3 Bb7 10. a4 b4 11. Rd1 Nbd7 12. e4 cxd4 13. Bg5 h6 14. Bh4 e5 15. Nxd4 exd4 16. e5 Qe7 17. Re1 Qxe5 18. Bxf6 gxf6 19. Qf1 Rg8 20. g3 Be4 21. f4 Qe7 22. Nd2 f5 23. Nxe4 fxe4 24. Bd5 Nc5 25. Bxa8 f5 26. Qc4 Rg6 27. Qxd4 Nb3 28. Qd5 Qc5+ 29. Kf1 Qxd5 30. Bxd5 Nxa1 31. Rxa1 Bg7 32. Rc1 Rd6 33. Rc8+ Kd7 34. Rc5 Bxb2 35. Bc4 Rd2 1/2-1/2

[Event "Lvov"]
[Site "Lvov"]
[Date "1995.??.??"]
[Round "5"]
[White "Levin, Felix"]
[Black "Maksimenko, Andrei"]
[Result "1/2-1/2"]
[WhiteElo "2490"]
[BlackElo "2550"]
[PlyCount "48"]
[EventDate "1995.12.??"]
[Source "ChessBase"]

1. d4 d5 2. c4 dxc4 3. Nf3 a6 4. e3 Nf6 5. Bxc4 e6 6. O-O c5 7. Qe2 b5 8. Bb3 Bb7 9. a4 b4 10. Nbd2 Nbd7 11. a5 Be7 12. Nc4 O-O 13. Nfe5 Qc7 14. Rd1 Rfd8 15. Bd2 cxd4 16. exd4 Nxe5 17. dxe5 Ne4 18. Be3 Nc5 19. Bc2 b3 20. Bxc5 bxc2 21. Rxd8+ Rxd8 22. Bxe7 Qxe7 23. Qxc2 Qg5 24. Ne3 Qxe5 1/2-1/2

[Event "Skolernes Skakklub op"]
[Site "Aarhus"]
[Date "1997.??.??"]
[Round "6"]
[White "Mikhalevski, Victor"]
[Black "Volzhin, Alexander"]
[Result "0-1"]
[WhiteElo "2535"]
[BlackElo "2505"]
[PlyCount "64"]
[EventDate "1997.??.??"]
[Source "www.chesslib.no"]
[SourceDate "2004.05.04"]

1. d4 d5 2. c4 dxc4 3. Nf3 e6 4. e3 a6 5. Bxc4 c5 6. O-O Nf6 7. Qe2 b5 8. Bb3 Bb7 9. dxc5 Bxc5 10. a4 Nbd7 11. axb5 axb5 12. Rxa8 Qxa8 13. Qxb5 Bxf3 14. gxf3 Qxf3 15. Nd2 Qh3 16. Qc6 O-O 17. Qg2 Qh4 18. Bd1 Rc8 19. b3 Ne5 20. Be2 Qb4 21. Nc4 Ng6 22. Bd1 Be7 23. Bc2 Nd5 24. Kh1 Qc3 25. f4 Nb4 26. Bd1 Qxc1 27. Bh5 Qc2 28. Qb7 Re8 29. f5 exf5 30. Qd7 Rd8 31. Qxf5 Qxf5 32. Rxf5 Rd5 0-1